Economics: Essential (Record no. 360)

MARC details
005 - DATE AND TIME OF LATEST TRANSACTION
control field 20250311112952.0
020 ## - INTERNATIONAL STANDARD BOOK NUMBER
International Standard Book Number 978-1-86197-580-5
082 ## - DEWEY DECIMAL CLASSIFICATION NUMBER
Classification number 330 BIS
100 ## - MAIN ENTRY--PERSONAL NAME
Author name BISHOP, M.
245 ## - TITLE STATEMENT
Title Economics: Essential
260 ## - PUBLICATION, DISTRIBUTION, ETC.
Place of publication, distribution, etc. London,
Name of publisher, distributor, etc. Profile books Ltd
Date of publication, distribution, etc. 2004.
300 ## - PHYSICAL DESCRIPTION
Extent vi, 282p.
Dimensions 21cm.
942 ## - ADDED ENTRY ELEMENTS (KOHA)
Source of classification or shelving scheme Dewey Decimal Classification
Koha item type Books
Holdings
Date last seen Total checkouts Full call number Barcode Cost, replacement price Price effective from Koha item type Lost status Source of classification or shelving scheme Damaged status Not for loan Withdrawn status Home library Current library Shelving location Date acquired Cost, normal purchase price
03/11/2025   330 BIS 0000001205 82500.00 03/11/2025 Books   Dewey Decimal Classification       College of Business Education Main Library College of Business Education Main Library General Collection 03/11/2025 27500.00
03/11/2025   330 BIS 0000001206 82500.00 03/11/2025 Books   Dewey Decimal Classification       College of Business Education Main Library College of Business Education Main Library General Collection 03/11/2025 27500.00
03/11/2025   330 BIS 0000001207 82500.00 03/11/2025 Books   Dewey Decimal Classification       College of Business Education Main Library College of Business Education Main Library General Collection 03/11/2025 27500.00